| 000 | 00678nam a2200205Ia 4500 | ||
|---|---|---|---|
| 003 | GCL | ||
| 008 | 140319s9999 xx 000 0 ara d | ||
| 040 |
_aGCL / _cGCL |
||
| 082 | 0 | 4 |
_a133 _bر س |
| 100 | 1 | _aروجية شكيب الخورى | |
| 245 | 1 | 0 |
_aسلسلة العلوم البارابسيكولوجية ( مج1 , مج9 ) / _cروجية شكيب الخورى |
| 300 | _aمتعدد | ||
| 490 |
_aالعلوم البارابسيكيولوجية _v0 |
||
| 650 | 0 | 4 | _aعلم النفس |
| 650 | 0 | 4 | _aالتحليل النفسى |
| 650 | 0 | 4 | _aالعلاج الروحى |
| 650 | 0 | 4 | _aالعقل الباطن |
| 650 | 0 | 4 | _aالحاسة السادسة |
| 942 |
_2ddc _cBK |
||
| 999 |
_c51802 _d51802 |
||